Текст томруулах:    
The business-savvy project manager (Бичлэгийн дугаар. 145493)
000 -УДИРДЛАГА
Удирдлага 00838nam a22002657a 4500
003 - ХЯНАЛТЫН ТОО ТОДОРХОЙЛОГЧ
Код MN-UlNUM
005 - БИЧИЛТ ХИЙСЭН ОГНОО
Тухайн бичилтийг бичсэн засварласан сүүлийн огноо 20251112114146.0
008 - ЕРӨНХИЙ МЭДЭЭЛЭЛ
Ерөнхий мэдээлэл 251112s2006 nyua|||| |||| 001 0 eng d
020 ## - ISBN
ISBN 007144307X
040 ## - БИЧЛЭГ ҮҮСГЭГЧ БАЙГУУЛЛАГА
Бичлэг үүсгэгч номын сангийн код МУИС-ийн номын сан
084 ## - ББК АНГИЛАЛ
Нэмэлт тусгалт Нэг сэдэвт бүтээл
ББК ангилал 65.290-2
Зохиогчийн гурван тэмдэгт H 70
Мэдлэгийн ялгаа 65 - Эдийн засаг
100 1# - ЗОХИОГЧ
Зохиогчийн нэр Heerkens, Gary.
245 14 - ҮНДСЭН ГАРЧИГ
Номын нэр The business-savvy project manager
Бага гарчгийн мэдээ indispensable knowledge and skills for success
Оролцогчдын тухай мэдээ Gary Heerkens.
260 ## - ГАРАЛТЫН МЭДЭЭ
Хэвлэгдсэн газар New York :
Хэвлэлийн газар McGraw-Hill,
Хэвлэгдсэн он 2006.
300 ## - МАТЕРИАЛЫН ТОДОРХОЙЛОЛТ
хуудасны тоо xviii, 366 p. :
Бусад тоон мэдээлэл ill. ;
Хэмжээ 24 cm.
500 ## - Тайлбар
Дансны дугаар БС 2090
546 ## - ХЭЛНИЙ ТУХАЙ МЭДЭЭ
Хэл Англи хэл дээр,
653 ## - Түлхүүр үг
Түлхүүр үг project management.
740 ## - НОМЫН ГАРЧИГ
Гарчиг Project Management as a Business Function
740 ## - НОМЫН ГАРЧИГ
Гарчиг The Core of Business Knowledge
740 ## - НОМЫН ГАРЧИГ
Гарчиг Fundamentals of Organizational Management
740 ## - НОМЫН ГАРЧИГ
Гарчиг Cost Management in Organizations
942 ## - ЭЛЕМЕНТИЙН ТӨРӨЛ
Зүйлийн төрөл Ном